000
00492nam a2200181Ia 4500
008
090124s9999 xx 000 0 und d
082
_b
121406
100
_a
मेहता शशिकला
245
_a
ऋणानुबंध
250
_a
1
260
_c
1986
300
_a
153
600
_a
मेहता शशिकला
630
_a
ऋणानुबंध
700
_a
मेहता शशिकला
730
_a
ऋणानुबंध
942
_c
BOOK
999
_c
167492
_d
167492